Handbook of implicit cognition and addiction (Record no. 480070)

MARC details
000 -LEADER
fixed length control field 01594cam a2200385 a 4500
001 - CONTROL NUMBER
control field EDZ0000019089
003 - CONTROL NUMBER IDENTIFIER
control field StDuBDS
005 - DATE AND TIME OF LATEST TRANSACTION
control field 20161031105132.0
006 - FIXED-LENGTH DATA ELEMENTS--ADDITIONAL MATERIAL CHARACTERISTICS--GENERAL INFORMATION
fixed length control field m||||||||d||||||||
007 - PHYSICAL DESCRIPTION FIXED FIELD--GENERAL INFORMATION
fixed length control field cr |||||||||||
008 - FIXED-LENGTH DATA ELEMENTS--GENERAL INFORMATION
fixed length control field 110107s2005 caua fo 001|0|eng d
020 ## - INTERNATIONAL STANDARD BOOK NUMBER
International Standard Book Number 9781412976237 (ebook) :
Terms of availability No price
040 ## - CATALOGING SOURCE
Original cataloging agency StDuBDS
Language of cataloging eng
Transcribing agency StDuBDS
Description conventions pn
049 ## - LOCAL HOLDINGS (OCLC)
Holding library Alfaisal Main Library
050 #4 - LIBRARY OF CONGRESS CALL NUMBER
Classification number RC564
082 04 - DEWEY DECIMAL CLASSIFICATION NUMBER
Classification number 616.860651
Edition number 22
245 00 - TITLE STATEMENT
Title Handbook of implicit cognition and addiction
Medium [electronic resource] /
Statement of responsibility, etc editors, Reinout W. Wiers, Alan W. Stacy.
260 ## - PUBLICATION, DISTRIBUTION, ETC. (IMPRINT)
Place of publication, distribution, etc Thousand Oaks, [Calif.] ;
-- London :
Name of publisher, distributor, etc SAGE,
Date of publication, distribution, etc 2005.
300 ## - PHYSICAL DESCRIPTION
Extent 1 online resource (550 p.) :
Other physical details ill.
520 8# - SUMMARY, ETC.
Summary, etc 'Handbook of Implicit Cognition and Addiction' brings together developments in basic research on implicit cognition with recent developments in addiction research, thus providing an opportunity to move the field forward by integrating research from previously independent fields.
521 ## - TARGET AUDIENCE NOTE
Target audience note Specialized.
588 ## -
-- Description based on print version record.
504 ## - BIBLIOGRAPHY, ETC. NOTE
Bibliography, etc Includes bibliographical references and index.
650 #0 - SUBJECT ADDED ENTRY--TOPICAL TERM
Topical term or geographic name as entry element Substance abuse.
650 #0 - SUBJECT ADDED ENTRY--TOPICAL TERM
Topical term or geographic name as entry element Compulsive behavior
General subdivision Treatment.
650 #0 - SUBJECT ADDED ENTRY--TOPICAL TERM
Topical term or geographic name as entry element Cognition.
650 #0 - SUBJECT ADDED ENTRY--TOPICAL TERM
Topical term or geographic name as entry element Cognitive therapy.
655 #7 - INDEX TERM--GENRE/FORM
Genre/form data or focus term Electronic books.
Source of term local
700 1# - ADDED ENTRY--PERSONAL NAME
Personal name Wiers, Reinout Willem Henry Jon,
Dates associated with a name 1966-
700 1# - ADDED ENTRY--PERSONAL NAME
Personal name Stacy, Alan W.
710 2# - ADDED ENTRY--CORPORATE NAME
Corporate name or jurisdiction name as entry element Sage eBooks
776 08 - ADDITIONAL PHYSICAL FORM ENTRY
Display text Print version :
International Standard Book Number 9781412909747
856 40 - ELECTRONIC LOCATION AND ACCESS
Uniform Resource Identifier <a href="http://ezproxy.alfaisal.edu/login?url=http://sk.sagepub.com/reference/hdbk_addiction">http://ezproxy.alfaisal.edu/login?url=http://sk.sagepub.com/reference/hdbk_addiction</a>
942 ## - ADDED ENTRY ELEMENTS (KOHA)
Source of classification or shelving scheme Library of Congress Classification
Koha item type eBooks

No items available.

Copyright © 2020 Alfaisal University Library. All Rights Reserved.
Tel: +966 11 2158948 Fax: +966 11 2157910 Email:
librarian@alfaisal.edu